Unsere Kriegsflotte (Record no. 167954)
[ view plain ]
| 000 -LEADER | |
|---|---|
| campo de control de longitud fija | 00846nam a2200205 i 4500 |
| 001 - NÚMERO DE CONTROL | |
| campo de control | 167954 |
| 003 - IDENTIFICADOR DE NÚMERO DE CONTROL | |
| campo de control | ES-MaACL |
| 005 - FECHA Y HORA DE LA ÚLTIMA TRANSACCIÓN | |
| campo de control | 20230906213636.0 |
| 008 - DATOS DE LONGITUD FIJA--INFORMACIÓN GENERAL | |
| campo de control de longitud fija | 051003s1895 gw f |||| | ger d |
| 100 1# - ENTRADA PRINCIPAL--NOMBRE DE PERSONA | |
| Nombre de persona | Wislicenus, Georg ( |
| Fechas asociadas al nombre | 1858-1927) |
| 9 (RLIN) | 133948 |
| 245 10 - MENCIÓN DEL TÍTULO | |
| Título | Unsere Kriegsflotte |
| Resto del título | : dem deutschen Volke in Wort und Bild dargestellt / |
| Mención de responsabilidad, etc. | von George Wislicenus ; unter Mitwirkung der Marinemaler Carl Saltzmann, Friedr. Schwinge, Willy Stöwer. |
| 260 ## - PUBLICACIÓN, DISTRIBUCIÓN, ETC. | |
| Lugar de publicación, distribución, etc. | Leipzig : |
| Nombre del editor, distribuidor, etc. | F.A. Brockhaus, |
| Fecha de publicación, distribución, etc. | 1895. |
| 300 ## - DESCRIPCIÓN FÍSICA | |
| Extensión | 46 p., [20] h. de lám. col. ; |
| Dimensiones | 43 x 58 cm. |
| 599 ## - NOTA A LAS ILUSTRACIONES | |
| NOTA A LAS ILUSTRACIONES | Lám. representan barcos. |
| 650 #4 - PUNTO DE ACCESO ADICIONAL DE MATERIA--TÉRMINO DE MATERIA | |
| Término de materia o nombre geográfico como elemento de entrada | Barcos de guerra- |
| Subdivisión de forma | Obras ilustradas. |
| 9 (RLIN) | 162672 |
| 700 1# - ENTRADA AGREGADA--NOMBRE PERSONAL | |
| Nombre de persona | Saltzmann, Carl. |
| 9 (RLIN) | 168780 |
| 700 1# - ENTRADA AGREGADA--NOMBRE PERSONAL | |
| Nombre de persona | Schwinge, Friedrich. |
| 9 (RLIN) | 168781 |
| 700 1# - ENTRADA AGREGADA--NOMBRE PERSONAL | |
| Nombre de persona | Stöwer, Willy. |
| 9 (RLIN) | 168782 |
| 852 4# - LOCALIZACIÓN | |
| Ubicación | ES-MaACL |
| Número de control de estantería | B-6725 |
| Nota libre | - Enc. tela estampada en carpeta |
| Estatus retirado | Estado de pérdida | Estado de daño | No para préstamo | Colección | Biblioteca de origen | Biblioteca actual | Ubicación en estantería | Fecha de adquisición | Fuente de adquisición | Total de préstamos | Signatura topográfica completa | Código de barras | Visto por última vez | Precio de reemplazo | Tipo de ítem Koha |
|---|---|---|---|---|---|---|---|---|---|---|---|---|---|---|---|
| Libros del s. XIX | Biblioteca del Ateneo de Madrid | Biblioteca del Ateneo de Madrid | Sala Pardo Bazán | 17/01/2008 | B-6725 | 1176203 | 23/02/2023 | 23/02/2023 | Libro impreso antiguo |
